Every Single Beatles Song By Antonym (Every Single Song) - Statistics

General Stats
  • This quiz has been taken 32 times
  • The average score is 116 of 220
Answer Stats
Hint Answer % Correct
An Easy Night's Day A Hard Day's Night
91%
Good Girl Bad Boy
91%
Girls Boys
91%
Do I Hope To Not Find Out A Well-Known Fact? Do You Want To Know A Secret?
91%
Boy Girl
91%
Bad Evening, Bad Evening Good Morning, Good Morning
91%
Goodbye, Hello Hello, Goodbye
91%
I Heard Him Sitting Here I Saw Her Standing There
91%
I Shouldn't Have Thought Worse I Should Have Known Better
91%
Everywhere Woman Nowhere Man
91%
He Hates Me She Loves You
91%
The Beginning The End
91%
The Genius Below The Knoll The Fool On The Hill
91%
During A Separate Time Your Tambourine Aggressively Wails While My Guitar Gently Weeps
91%
Nothing I Want Is Hatred All You Need Is Love
82%
But I Hate Him And I Love Her
82%
But My Snake Can't Yell And Your Bird Can Sing
82%
Adult, I Am Multiple Poor Women Baby, You're A Rich Man
82%
Anniversary Birthday
82%
Bad Night Saturn Good Day Sunshine
82%
Bad Day Good Night
82%
I'm Sad Only To Jig With You I'm Happy Just To Dance With You
82%
Hate You Don't Love Me Do
82%
Hate Me From Love You To
82%
Jennifer On The Ground Without Emeralds Lucy In The Sky With Diamonds
82%
Matthew's Golden Screwdriver Maxwell's Silver Hammer
82%
Compassionate Mrs. Ketchup Mean Mr. Mustard
82%
Debt (That's Not What I Hope For) Money (That's What I Want)
82%
Horsies Piggies
82%
Colonel Salt's Company-Filled Livers Baseball Bat Musical Group Sgt. Pepper's Lonely Hearts Club Band
82%
He Went Out Next To The Kitchen Door She Came In Through The Bathroom Window
82%
Cranberry Prairies For A Limited Time Strawberry Fields Forever
82%
Moon Queen Sun King
82%
The Heavy Metal Song Of Paul And Linda The Ballad Of John And Yoko
82%
The Day After The Night Before
82%
Rotate And Yell Twist And Shout
82%
Phrases Of Hate Words Of Love
82%
I Can Do This You Can't Do That
82%
Multiple Nights Outside Of The Death A Day In The Life
73%
None Of My Hatred All My Loving
73%
It Is The First Time I Am Outside Of Kazakhstan Back In The USSR
73%
Won't Purchase Me Hate Can't Buy Me Love
73%
Go Separated Come Together
73%
Bury A Calf Dig A Pony
73%
Ride In My Truck Drive My Car
73%
Nine Months A Year Eight Days A Week
73%
Demolishing Many Voids Fixing A Hole
73%
From Everyone For No One
73%
To You From Me From Me To You
73%
Sadness Is Multiple Cold Swords Happiness Is A Warm Gun
73%
There Goes The Moon Here Comes The Sun
73%
There, Here, But Not Nowhere Here, There, And Everywhere
73%
You're Up I'm Down
73%
You Won't I Will
73%
Lord Beyonce Lady Madonna
73%
Short, Short, Short Long, Long, Long
73%
Short Short Sarah Long Tall Sally
73%
Father Mountain's Daughter Mother Nature's Son
73%
Mrs. Sundark Mr Moonlight
73%
Gyn-Fa-Domino, Gyn-Fa-Defense Attorney Ob-La-Di, Ob-La-Da
73%
Scissorsfront Typer Paperback Writer
73%
Snow Rain
73%
An Entirely Well-Run Nation With No Uprisings Or Feelings Of Hatred Towards The Government 10 Revolution 9
73%
Remain In Place Mozart Roll Over Beethoven
73%
He Heard, He Heard She Said, She Said
73%
He's Returning To His Neighbor's House She's Leaving Home
73%
Speed Up Slow Down
73%
Tariffwoman Taxman
73%
Ask You What Tell Me Why
73%
That Girl This Boy
73%
Boarding Pass To Drive Ticket To Ride
73%
Yesterday Always Thinks Tomorrow Never Knows
73%
Four Of You Two Of Us
73%
Why You're Forty-Six When I'm Sixty-Four
73%
Purple Airplane Yellow Submarine
73%
No It Isn't Yes It Is
73%
Tomorrow Yesterday
73%
I Always Take Your Debt From You You Never Give Me Your Money
73%
My Father Shouldn't Think Your Mother Should Know
73%
Underneath The Galaxy Across The Universe
64%
Adult It Isn't Me Baby It's You
64%
Despite Because
64%
White Snake Blackbird
64%
Drop This Height Carry That Weight
64%
Smile Adult Smile Cry Baby Cry
64%
Bury It Dig It
64%
From Me Orange For You Blue
64%
You Aren't The Seal I Am The Walrus
64%
Outside Of Your Death In My Life
64%
You Need To Release My Foot I Want To Hold Your Hand
64%
Missouri Town/What's Up?, What's Up?, What's Up?, What's Up? Kansas City/Hey, Hey, Hey, Hey
64%
Enormous Man Little Child
64%
Swedish Metal (That Insect Has Not Walked) Norwegian Wood (This Bird Has Flown)
64%
Thermoplastic Patricia Polythene Pam
64%
A Fully Well-Run Nation With No Uprisings Or Feelings Of Hatred Towards The Government 2 Revolution 1
64%
Walk For My Death Run For Your Life
64%
Colonel Salt's Company-Filled Livers Baseball Bat Musical Group (Original Version) Sgt. Pepper's Lonely Hearts Club Band (Reprise)
64%
The Outer Darkness The Inner Light
64%
The Short And Direct Path The Long And Winding Road
64%
Stuff We Yelled Yesterday Things We Said Today
64%
Without Me Within Me Within You Without You
64%
Rebecca (Come From Her) Anna (Go To Him)
55%
Adult's Outside Of White Baby's In Black
55%
Orange Cardinal Path Blue Jay Way
55%
Shackles Chains
55%
Angel Outside Of His Liver Devil In Her Heart
55%
Psychologist Richard Doctor Robert
55%
Nobody Gives Nothing From Make Visible Including You, But Not Your Orangutan Everybody's Got Something To Hide Except Me And My Monkey
55%
Nobody Prefers To Attempt To Be My Adult Everybody's Trying To Be My Baby
55%
Sending Worse Getting Better
55%
Silver Comas Golden Slumbers
55%
Release Me Loose Hold Me Tight
55%
If I Rose If I Fell
55%
The Moon Will Chase Me I'll Follow The Sun
55%
I Am Victorious I'm A Loser
55%
It Will Be Short It Won't Be Long
55%
I Hope To Not Be Your Woman I Wanna Be Your Man
55%
Julian Julia
55%
Awful Rachel Lovely Rita
55%
Platypus's Patio Octopus's Garden
55%
New Black Hat Old Brown Shoe
55%
Two Before 912 One After 909
55%
Nickel Path Penny Lane
55%
Smooth Badger Rocky Raccoon
55%
Nothing Something
55%
There Are Several Reasons Not To Perform This Action Outside Of The Train Tracks Why Don't We Do It In The Road?
55%
Without An Insanely Large Amount Of Independence From Your Arch-Nemeses With A Little Help From My Friends
55%
I Don't Hate You Enough You Like Me Too Much
55%
I Will Hear You You Won't See Me
55%
Tell You What Ask Me Why
45%
Nonexisting From The Demise Of Mrs. Balloon! Being For The Benefit Of Mr. Kite!
45%
Night Balance Day Tripper
45%
Send Front Get Back
45%
It Is Optional For You To Give Me Outside Of Your Death Got To Get You Into My Life
45%
I've Got It, Thanks For Asking Though! Help!
45%
His Insignificance Her Majesty
45%
I Would Love To Ruin The Board Meeting I Don't Want To Spoil The Party
45%
You You Yours I Me Mine
45%
Mundane Obvious Expedition Magical Mystery Tour
45%
More Than Just Southern Dialogue Only A Northern Song
45%
Prologue: You Hate Me PS I Love You
45%
A Very Well-Run Nation With No Uprisings Or Feelings Of Hatred Towards The Government Revolution
45%
The Sentence The Word
45%
The Actions You Are Not Performing What You're Doing
45%
My Oranges Yer Blues
45%
None Separated Another Time All Together Now
36%
Please Disallow You Up Don't Let Me Down
36%
Each Item Of Great Importance Every Little Thing
36%
Walking Flying
36%
You Are Hearing Outside Of Me I'm Looking Through You
36%
You're More Than Just Unconscious I'm Only Sleeping
36%
There Is A Lot More Than Just Hate It's Only Love
36%
You Need Me (He Is A Tiny Bit Light) I Want You (She's So Heavy)
36%
Prohibit Its Existence Let It Be
36%
George Your Moose Martha My Dear
36%
Ugly Simone Sexy Sadie
36%
Ask You Where I Hear Tell Me What You See
36%
The Terminating Tale Of Cottage Banknote The Continuing Story Of Bungalow Bill
36%
There Is No Such Location There's A Place
36%
Go Ahead, I'll Catch Up Wait
36%
What Does Not Occur What Goes On
36%
Why I Get To My Neighbor's House When I Get Home
36%
Purple Airplane Outside Of Saltwater Yellow Submarine In Pepperland
36%
Be Artificially Act Naturally
27%
An Insanely Large Amount Of Molasses To Consume A Taste Of Honey
27%
Moose Dependence Dear Prudence
27%
Disoriented Mr Olivia Dizzy Miss Lizzy
27%
Theodore Mordecai Eleanor Rigby
27%
Iron Scallions Glass Onion
27%
Molasses Do Honey Don't
27%
Molasses Cobbler Honey Pie
27%
You Will Not Return I'll Be Back
27%
You Are A Little Bit Energetic I'm So Tired
27%
You Want Me I Need You
27%
I Heard A Neck A Long Time Ago I've Just Seen A Face
27%
Du musst meinen Fuß loslassen Komm, Gib Mir Deine Hand
27%
A Third Occurance Not A Second Time
27%
Huh? Ugly Oh! Darling
27%
Saltwater Pepperland
27%
Saltwater Jumped Useful Items Pepperland Laid Waste
27%
Pop And Jump Dialogue Rock And Roll Music
27%
Cabbage Fungus Savoy Truffle
27%
Er hasst mich Sie liebt dich
27%
I Think Your Age (Guess The Letter) You Know My Name (Look Up The Number)
27%
Please Please Me Don't Bother Me
18%
Please Notice Me Don't Pass Me By
18%
Straw John Hey Jude
18%
You Hear My Age I Call Your Name
18%
I'll Jump For Joy Rather I'll Cry Instead
18%
You'll Give Me I'll Get You
18%
It Is Not None Not Enough It's All Too Much
18%
April Of The Compassionate People March Of The Meanies
18%
Lighter Container Matchbox
18%
Joy Misery
18%
A Response No Reply
18%
No Way Mrs. Social Worker Please Mister Postman
18%
Don't Bother Me Please Please Me
18%
Land Of Voids Sea Of Holes
18%
Land Of Demons Sea Of Monsters
18%
Land Of Space Sea Of Time
18%
He Is Multiple Men She's A Woman
18%
How Dare You Boy Thank You Girl
18%
Calm And Collected Molasses Cobbler Wild Honey Pie
18%
It Is Unlikely That I Will Find This Boy You're Gonna Lose That Girl
18%
It Is Optional For Me To Show My Hate For All To See You've Got To Hide Your Love Away
18%
None It Is Optional For Me To Do All I've Got To Do
9%
Only One Boy Another Girl
9%
No Occurance In Entirety Any Time At All
9%
Sugar Mountain Helter Skelter
9%
Straw Cowcat Hey Bulldog
9%
You Think Not Okay I Feel Fine
9%
You Want No One If I Needed Someone
9%
You Do Not Possess An Indifference I've Got A Feeling
9%
I Hope Not To Hear From You I Want To Tell Your
9%
Madeline July Maggie Mae
9%
Your Sand Dollar Michelle
9%
I Will Talk For You Think For Yourself
9%
While You Didn't Exist Till There Was You
9%
You Can't Have Fun It In We Can Work It Out
9%
You Absolutely Do Not Give A Release Below Me You Really Got A Hold On Me
9%
No matching quizzes found
Score Distribution
Percent of People with Each Score
Percentile by Number Answered
Your Score History
You have not taken this quiz